| 000 | 00842nam a2200241 a 4500 | ||
|---|---|---|---|
| 005 | 20240530063921.0 | ||
| 008 | 181128s2018 mx r 000 0 spa d | ||
| 020 | _a9786077364894 (Fontamara) | ||
| 020 | _a9786075063188 (Universidad Autóma de Coahuila) | ||
| 035 | _aUPN01000228122 | ||
| 049 | _aCG | ||
| 050 | 4 |
_aHM136 _bE9.2 |
|
| 100 | 1 |
_aCastro Saucedo, Laura Karina _942464 |
|
| 245 | 1 | 0 |
_aExclusión social, marginación y pobreza : _btópicos vigentes / _cLaura Karina Castro Saucedo. |
| 260 |
_aCiudad de México : _bFontamara : _bUniversidad Autónoma de Coahuila, _c2018. |
||
| 300 |
_a185 p. : _bgráfs., tablas |
||
| 440 | 0 |
_aArgumentos ; _v427 |
|
| 650 | 4 |
_aMarginalidad social _9277 |
|
| 650 | 2 |
_aDiscriminación social _99195 |
|
| 650 | 4 |
_aJOVENES DESADAPTADOS SOCIALMENTE _910974 |
|
| 905 | _aLibro | ||
| 999 |
_c200217 _d200217 |
||